SaaS - móda nebo revoluce v informačních technologiích?

Informačné technológie ako jadro podnikovej infraštruktúry. Diferenciácia úloh ako hlavná náplň bezpečnosti IT. Technicky a ekonomicky prijateľné riešenia. Konfigurácia služieb a bezpečný server. Rozsiahle projekty a služby Microsoftu. Efektívnosť a šetrenie.

Salvato in:
Dettagli Bibliografici
Autore principale: Mrnuštík, Jiří
Natura: Capitolo di libro
Lingua:ceco
Soggetti:
Tags: Aggiungi Tag
Nessun Tag, puoi essere il primo ad aggiungerne!!

MARC

LEADER 00000naa a2200000 4500
001 0118482
005 20230719090925.2
041 0 |a cze 
044 |a CZ 
245 1 0 |a SaaS - móda nebo revoluce v informačních technologiích?  |c Jiří Mrnuštík 
520 |a Informačné technológie ako jadro podnikovej infraštruktúry. Diferenciácia úloh ako hlavná náplň bezpečnosti IT. Technicky a ekonomicky prijateľné riešenia. Konfigurácia služieb a bezpečný server. Rozsiahle projekty a služby Microsoftu. Efektívnosť a šetrenie. 
610 2 0 |a technológie informačné 
610 2 0 |a technológie komunikačné 
610 2 0 |a siete počítačové 
610 2 0 |a servery 
610 2 0 |a freeware 
610 2 0 |a shareware 
610 2 0 |a softvér 
610 2 0 |a programy aplikačné 
610 2 0 |a systémy operačné 
100 1 |a Mrnuštík, Jiří